A course of mathematics for engineers and scientists (Record no. 2380)

MARC details
000 -LEADER
fixed length control field 00615nam a2200193Ia 4500
003 - CONTROL NUMBER IDENTIFIER
control field IN-BaIIA
008 - FIXED-LENGTH DATA ELEMENTS--GENERAL INFORMATION
fixed length control field 211028s9999 xx 000 0 eng d
040 ## - CATALOGING SOURCE
Transcribing agency IIA Library
080 ## - UNIVERSAL DECIMAL CLASSIFICATION NUMBER
Universal Decimal Classification number 51:62
Item number CHI-4
100 ## - MAIN ENTRY--PERSONAL NAME
Personal name Chirgwin, Brian H.
9 (RLIN) 4263
245 #2 - TITLE STATEMENT
Title A course of mathematics for engineers and scientists
Remainder of title vol. 4
Statement of responsibility, etc. Brian H. Chirgwin and Charles Plumpton
260 ## - PUBLICATION, DISTRIBUTION, ETC.
Place of publication, distribution, etc. Oxford
Name of publisher, distributor, etc. Pergamon Press
Date of publication, distribution, etc. 1964
300 ## - PHYSICAL DESCRIPTION
Extent viii, 353p.
650 ## - SUBJECT ADDED ENTRY--TOPICAL TERM
Topical term or geographic name entry element Applied mathematics
9 (RLIN) 1718
650 ## - SUBJECT ADDED ENTRY--TOPICAL TERM
Topical term or geographic name entry element Astronomy and astrophysics thesaurus
650 ## - SUBJECT ADDED ENTRY--TOPICAL TERM
Topical term or geographic name entry element Engineering mathematics
9 (RLIN) 2342
700 ## - ADDED ENTRY--PERSONAL NAME
Personal name Plumpton, Charles
9 (RLIN) 4264
942 ## - ADDED ENTRY ELEMENTS (KOHA)
Koha item type Books
Holdings
Withdrawn status Lost status Damaged status Not for loan Home library Current library Shelving location Date acquired Cost, normal purchase price Total Checkouts Full call number Barcode Date last seen Cost, replacement price Price effective from Koha item type Purchase Price
        IIA Library-Bangalore IIA Library-Bangalore General Stacks 06/04/1965 22.75   51:62/ CHI-4 2661 20/05/2022 22.75 06/04/1965 Books Rs. 22.75

Powered by Koha